| 000 | 00661nam a2200205 a 4500 | ||
|---|---|---|---|
| 001 | 56857 | ||
| 003 | BD-RjUL | ||
| 005 | 20211209080437.0 | ||
| 008 | 161204s1946 enk 000 0 eng c | ||
| 035 | _a(BD-RjUL) 56981 | ||
| 040 |
_aUniv. of Virginia _cNhD _dNhD _dMH _dBD-RjUL _beng |
||
| 041 | _aeng | ||
| 082 |
_223 _a160 _bLOG 1949 |
||
| 245 | 0 | 0 |
_aLogic and reality : _bthe symposia read at the joint session of the Aristotelian Society and the Mind Association at Manchester, July 5th-7th, 1946./ |
| 260 |
_aLondon : _bHarrison and Sons, _c1946. |
||
| 300 |
_a232 p. ; _c22 cm. |
||
| 650 | 0 |
_aLogic. _9169039 |
|
| 650 | 0 |
_aReality. _9169040 |
|
| 942 |
_2ddc _cBK |
||
| 999 |
_c56857 _d56857 |
||